000 00294nam a22001337a 4500
008 181207b xxu||||| |||| 00| 0 eng d
020 _a9780073511962
041 _aeng
080 _a070
100 _a40
101 _aMED
245 _aBroadcast News Handbook
_cTuggle, C.A
942 _2udc
_cBK
999 _c53049
_d53049